000 00824nam a22002417a 4500
005 20170823020002.0
008 140423s2011 ck ao gr|||| 00| 0 spa d
020 _a9789588594620
040 _aCO-BoIAVH
_cCO-BoIAVH
041 _aspa
044 _ack
082 _a333.7082
_bE19m
110 2 _aEcopetrol
_932052
245 1 0 _aCaja de saberes :
_b100 mujeres del río Orotoy /
_cEcopetrol, Universidad de los Llanos
260 3 _aBogotá :
_bEcopetrol,
_bUniversidad de los Llanos,
_c2011.
300 _a20 p.
_bil., fot.
_c28 cm
490 _aColección Caja de Saberes
_v1
650 4 _aMujeres
_vPrograma
_xDesarrollo personal
_932053
650 4 _aMujeres
_xSolidaridad
_932054
650 4 _aDesarrollo sostenible
_xEducación y aprendizaje
_932055
710 2 _aUniversidad de los Llanos
_93430
942 _2ddc
_cLIBRO
_01
999 _c8393
_d8393